Clinical handbook for pediatric nursing / (Record no. 4185)
[ view plain ]
| 000 -LEADER | |
|---|---|
| fixed length control field | 00852cam a22002414a 4500 |
| 001 - CONTROL NUMBER | |
| control field | 14167158 |
| 005 - DATE AND TIME OF LATEST TRANSACTION | |
| control field | 20250223125959.0 |
| 008 - FIXED-LENGTH DATA ELEMENTS--GENERAL INFORMATION | |
| fixed length control field | 051103s2006 njua bf 001 0 eng |
| 020 ## - INTERNATIONAL STANDARD BOOK NUMBER | |
| International Standard Book Number | 0131133160 |
| 050 00 - LIBRARY OF CONGRESS CALL NUMBER | |
| Classification number | RJ245 |
| Item number | .B345 2006 |
| 082 00 - DEWEY DECIMAL CLASSIFICATION NUMBER | |
| Classification number | 618.92/00231 |
| Edition information | 22 |
| 100 1# - MAIN ENTRY--PERSONAL NAME | |
| Personal name | Ball, Jane W. |
| 245 10 - TITLE STATEMENT | |
| Title | Clinical handbook for pediatric nursing / |
| Statement of responsibility, etc. | Jane W. Ball, Ruth C. Bindler. |
| 260 ## - PUBLICATION, DISTRIBUTION, ETC. | |
| Place of publication, distribution, etc. | Upper Saddle River, N.J. : |
| Name of publisher, distributor, etc. | Pearson Prentice Hall, |
| Date of publication, distribution, etc. | c2006. |
| 300 ## - PHYSICAL DESCRIPTION | |
| Extent | iv, 672 p. : |
| Other physical details | ill. ; |
| Dimensions | 20 cm. |
| 650 #0 - SUBJECT ADDED ENTRY--TOPICAL TERM | |
| Topical term or geographic name entry element | Pediatric nursing |
| Form subdivision | Handbooks, manuals, etc. |
| 650 12 - SUBJECT ADDED ENTRY--TOPICAL TERM | |
| Topical term or geographic name entry element | Pediatric Nursing |
| General subdivision | methods |
| Form subdivision | Handbooks. |
| 650 22 - SUBJECT ADDED ENTRY--TOPICAL TERM | |
| Topical term or geographic name entry element | Child Development |
| Form subdivision | Handbooks. |
| 650 22 - SUBJECT ADDED ENTRY--TOPICAL TERM | |
| Topical term or geographic name entry element | Nursing Assessment |
| Form subdivision | Handbooks. |
| 700 1# - ADDED ENTRY--PERSONAL NAME | |
| Personal name | Bindler, Ruth C. |
| 856 41 - ELECTRONIC LOCATION AND ACCESS | |
| Materials specified | Table of contents only |
| Uniform Resource Identifier | <a href="http://www.loc.gov/catdir/toc/ecip063/2005032298.html">http://www.loc.gov/catdir/toc/ecip063/2005032298.html</a> |
| 942 ## - ADDED ENTRY ELEMENTS (KOHA) | |
| Source of classification or shelving scheme | Library of Congress Classification |
| Koha item type | Books |
| Suppress in OPAC | No |
| 999 ## - | |
| -- | 4185 |
| -- | 4185 |
| Withdrawn status | Lost status | Source of classification or shelving scheme | Damaged status | Not for loan | Collection | Home library | Current library | Shelving location | Date acquired | Total checkouts | Full call number | Barcode | Date last seen | Copy number | Price effective from | Koha item type |
|---|---|---|---|---|---|---|---|---|---|---|---|---|---|---|---|---|
| Library of Congress Classification | Non-fiction | Science Library (Miotso) | Science Library (Miotso) | General stacks | 02/23/2025 | RJ245 .B345 BAL | SLM00003792 | 02/23/2025 | 1 | 02/23/2025 | Books | |||||
| Library of Congress Classification | Non-fiction | Science Library (Miotso) | Science Library (Miotso) | General stacks | 02/23/2025 | RJ245 .B345 BAL | SLM00003793 | 02/23/2025 | 2 | 02/23/2025 | Books | |||||
| Library of Congress Classification | Non-fiction | Science Library (Miotso) | Science Library (Miotso) | General stacks | 02/23/2025 | RJ245 .B345 BAL | SLM00003794 | 02/23/2025 | 3 | 02/23/2025 | Books | |||||
| Library of Congress Classification | Non-fiction | Science Library (Miotso) | Science Library (Miotso) | General stacks | 02/23/2025 | RJ245 .B345 BAL | SLM00003795 | 02/23/2025 | 4 | 02/23/2025 | Books | |||||
| Library of Congress Classification | Non-fiction | Science Library (Miotso) | Science Library (Miotso) | General stacks | 02/23/2025 | RJ245 .B345 BAL | SLM00003796 | 02/23/2025 | 5 | 02/23/2025 | Books | |||||
| Library of Congress Classification | Non-fiction | Science Library (Miotso) | Science Library (Miotso) | General stacks | 02/23/2025 | RJ245 .B345 BAL | SLM00003797 | 02/23/2025 | 6 | 02/23/2025 | Books |